| 000 | 01706nam a2200445Ii 4500 | ||
|---|---|---|---|
| 001 | DIGDYK1002 | ||
| 003 | NyNyDIG | ||
| 006 | m o d | ||
| 007 | cr ||||||||||| | ||
| 008 | 220822s2016 sp ob 000 0 spa d | ||
| 035 | _a(OCoLC)958875301 | ||
| 040 |
_aDGITA _beng _erda _epn _cDGITA |
||
| 020 |
_a9788490858363 _qpdf |
||
| 020 | _z9788490858011 | ||
| 050 | 1 | 4 | _aPR2937 ebook |
| 100 | 1 |
_aCalero, Francisco, _eauthor. |
|
| 245 | 1 | 0 |
_aShakespeare y Cervantes / _cFrancisco Calero. |
| 264 | 1 |
_aMadrid : _bDykinson, S.L., _c[2016] |
|
| 300 | _a1 online resource. | ||
| 336 |
_atext _btxt _2rdacontent |
||
| 337 |
_acomputer _bc _2rdamedia |
||
| 338 |
_aonline resource _bcr _2rdacarrier |
||
| 347 |
_atext file _2rdaft |
||
| 347 | _bPDF | ||
| 504 | _aIncludes bibliographical references. | ||
| 588 | 0 | _aOnline resource; title from PDF title page (Digitalia, viewed August 22, 2022) | |
| 600 | 1 | 0 |
_aShakespeare, William, _d1564-1616 _xAuthorship. |
| 600 | 1 | 0 |
_aShakespeare, William, _d1564-1616 _xCriticism, Textual. |
| 600 | 1 | 0 |
_aCervantes Saavedra, Miguel de, _d1547-1616 _xAuthorship. |
| 600 | 1 | 0 |
_aCervantes Saavedra, Miguel de, _d1547-1616 _xCriticism, Textual. |
| 600 | 1 | 0 |
_aVives, Juan Luis, _d1492-1540 _xAuthorship. |
| 650 | 0 | _aLiterary forgeries and mystifications. | |
| 655 | 0 | _aElectronic books. | |
| 791 | 2 |
_aDigitalia (Firm), _edistributor. |
|
| 793 | 0 |
_gDigitalia eBook Collection: _aDykinson Editorial |
|
| 776 | 0 | 8 |
_iPrint version: _aCalero, Francisco. _tShakespeare y Cervantes. _dMadrid : Dykinson, S.L., [2016] _z9788490858011 |
| 856 | 4 | 0 |
_3Digitalia Hispánica _uhttps://www.digitaliapublishing.com/a/45270/ |
| 910 | _aPremium collection: 2022 | ||
| 942 | _cRAA | ||
| 999 |
_c248867 _d248867 |
||